[Event "IECC P-4574"]
[Site "IECC email"]
[Date "2009.09.22"]
[Round "?"]
[White "Dunn, Carl"]
[Black "Carless, David"]
[Result "0-1"]
[WhiteElo "1762"]
[BlackElo "2000"]
[PlyCount "44"]
[EventDate "2009.??.??"]
[EventType "tourn (corr)"]
[EventRounds "1"]
[SourceTitle "Telechess CBM 137"]
[Source "ChessBase"]
[SourceDate "2010.07.15"]
[SourceVersion "1"]
[SourceVersionDate "2010.07.15"]
[SourceQuality "1"]
[WhiteTeam "US of America"]
[BlackTeam "US of America"]
[WhiteTeamCountry "USA"]
[BlackTeamCountry "USA"]

1. d4 d5 2. Bg5 h6 3. Bh4 c5 4. e3 Nc6 5. Nf3 Qa5+ 6. Nc3 Bg4 7. Be2 Bxf3 8. Bxf3 cxd4 9. exd4 e6 10. 0-0 g5 11. Bg3 Bg7 12. Nxd5 exd5 13. c4 Nge7 14. cxd5 Nxd4 15. Re1 Kd8 16. b4 Qb6 17. Rc1 Rc8 18. d6 Nef5 19. Rc7 Nxg3 20. Rxf7 Ngf5 21. d7 Rc7 22. Qa4 Ne3 0-1

[Event "IECC Swiss-503.4"]
[Site "IECC email"]
[Date "2007.07.29"]
[Round "?"]
[White "Foster, Duncan"]
[Black "Dunn, Carl"]
[Result "0-1"]
[WhiteElo "1597"]
[BlackElo "1749"]
[PlyCount "48"]
[EventDate "2007.??.??"]
[EventType "swiss (corr)"]
[EventRounds "1"]
[SourceTitle "Corr 2011"]
[Source "ChessBase"]
[SourceDate "2010.08.31"]
[SourceVersion "1"]
[SourceVersionDate "2010.08.31"]
[SourceQuality "1"]
[WhiteTeam "Poland"]
[BlackTeam "US of America"]
[WhiteTeamCountry "POL"]
[BlackTeamCountry "USA"]

1. d4 Nf6 2. Bg5 Ne4 3. Bh4 d5 4. f3 Nd6 5. Nc3 Nf5 6. Bf2 e5 7. dxe5 d4 8. Ne4 Be7 9. c3 Ne3 10. Qd3 Nc6 11. Bxe3 dxe3 12. Qxe3 Nxe5 13. f4 Nc4 14. Qc1 0-0 15. e3 Bh4+ 16. g3 Bf5 17. Nf2 Nxe3 18. Qxe3 Re8 19. Qxe8+ Qxe8+ 20. Ne2 Bf6 21. Nd1 Qe4 22. Rg1 Re8 23. h3 Qd3 24. Nf2 Bxc3+ 0-1

[Event "IECC CL3-2005.05 email"]
[Site "IECC email"]
[Date "2005.05.08"]
[Round "?"]
[White "Dunn, Carl"]
[Black "Manis, Jose"]
[Result "1-0"]
[WhiteElo "1840"]
[BlackElo "1653"]
[PlyCount "127"]
[EventDate "2005.??.??"]
[EventType "tourn (corr)"]
[EventRounds "4"]
[SourceTitle "Corr 2015"]
[Source "ChessBase"]
[SourceDate "2015.07.17"]
[SourceVersion "1"]
[SourceVersionDate "2015.07.17"]
[SourceQuality "1"]

1. e4 c5 2. Nf3 d6 3. d4 cxd4 4. Qxd4 a6 5. Be3 Nf6 6. Nc3 e5 7. Qd2 Be7 8. h3 0-0 9. Bd3 Be6 10. 0-0 h6 11. Rad1 Nc6 12. Nh2 Nb4 13. Be2 Rc8 14. a3 Nc6 15. f4 exf4 16. Rxf4 Ne5 17. Nd5 Ng6 18. Bb6 Qe8 19. Nxf6+ Bxf6 20. Rxf6 gxf6 21. c3 Qc6 22. Be3 f5 23. Bxh6 Rfe8 24. exf5 Bxf5 25. Ng4 Bxg4 26. Bxg4 Qb6+ 27. Kh1 Rc4 28. Bg5 Rce4 29. b4 Ne5 30. Bh6 Qd8 31. Bf5 Rc4 32. Qe3 Kh8 33. Bf4 Qf6 34. g4 Kg8 35. Bg5 Rxc3 36. Qxc3 Qxg5 37. Kg2 Qe7 38. Rd5 b5 39. Qe3 f6 40. Qe4 Qf8 41. h4 Nf7 42. Be6 Kg7 43. Rh5 Qe7 44. Qh7+ Kf8 45. Qxf7+ Qxf7 46. Bxf7 Kxf7 47. Rh7+ Ke6 48. Ra7 Rc8 49. Rxa6 Rc4 50. Rb6 Rxg4+ 51. Kh3 f5 52. Rxb5 Rc4 53. a4 Rc3+ 54. Kg2 Rc2+ 55. Kf3 Rc3+ 56. Ke2 Rh3 57. a5 Rh2+ 58. Kd3 Rh3+ 59. Kc2 Rh2+ 60. Kb3 Rh3+ 61. Ka4 Rxh4 62. a6 Rh8 63. Ra5 f4 64. a7 1-0

[Event "IECC CL3-2005.05 email"]
[Site "IECC email"]
[Date "2005.05.08"]
[Round "?"]
[White "Henke, Simon"]
[Black "Dunn, Carl"]
[Result "1-0"]
[WhiteElo "1807"]
[BlackElo "1912"]
[PlyCount "57"]
[EventDate "2005.??.??"]
[EventType "tourn (corr)"]
[EventRounds "4"]
[SourceTitle "Corr 2015"]
[Source "ChessBase"]
[SourceDate "2015.07.17"]
[SourceVersion "1"]
[SourceVersionDate "2015.07.17"]
[SourceQuality "1"]

1. d4 f5 2. e4 fxe4 3. Nc3 Nf6 4. Bg5 Nc6 5. d5 Ne5 6. Qd4 Nf7 7. Bxf6 exf6 8. Qxe4+ Qe7 9. 0-0-0 Qxe4 10. Nxe4 Be7 11. Nf3 0-0 12. Nd4 Nd6 13. Re1 Nxe4 14. Rxe4 Bc5 15. Bc4 Kh8 16. Rhe1 a6 17. a4 b6 18. c3 Bb7 19. b4 Bd6 20. h4 a5 21. b5 Rac8 22. Kc2 f5 23. R4e2 f4 24. h5 Bc5 25. Nf3 c6 26. bxc6 dxc6 27. d6 Bxd6 28. Ng5 c5 29. Rd2 1-0

[Event "P-3777"]
[Site "IECC email"]
[Date "2004.10.04"]
[Round "?"]
[White "Dunn, Carl"]
[Black "Chetvertakoff, Valery"]
[Result "0-1"]
[WhiteElo "1936"]
[BlackElo "2265"]
[PlyCount "80"]
[EventDate "2004.??.??"]
[EventType "tourn (corr)"]
[SourceTitle "Corr 2020"]
[Source "ChessBase"]
[SourceDate "2019.09.30"]
[SourceVersion "1"]
[SourceVersionDate "2019.09.30"]
[SourceQuality "1"]
[WhiteTeam "United States"]
[BlackTeam "Ukraine"]
[WhiteTeamCountry "USA"]
[BlackTeamCountry "UKR"]

1. e4 g6 2. f4 c6 3. d4 d5 4. e5 h5 5. Nf3 Bg4 6. Be3 e6 7. Nbd2 Nh6 8. Bd3 Qb6 9. 0-0 Nf5 10. Bf2 Bh6 11. h3 Bxf3 12. Qxf3 Nxd4 13. Qg3 c5 14. Bxd4 cxd4 15. b3 Nc6 16. a3 Ne7 17. Qh4 Nf5 18. Bxf5 gxf5 19. Kh1 Rc8 20. Rac1 Bf8 21. b4 Be7 22. Qf2 Rg8 23. Nf3 Rc3 24. Nxd4 Rxa3 25. c3 Qa6 26. Rc2 Qc4 27. Rfc1 h4 28. Ne2 Kd7 29. Rd2 Ra2 30. Rxa2 Qxa2 31. Qf1 Qc4 32. Rd1 Rc8 33. Rd4 Qa6 34. Qf3 f6 35. Qe3 Qb6 36. Qd3 fxe5 37. fxe5 Kc7 38. c4 dxc4 39. Rxc4+ Kb8 40. Rd4 a6 0-1

[Event "IECC CL3-2004.13 email"]
[Site "IECC email"]
[Date "2004.04.24"]
[Round "?"]
[White "Dunn, Carl"]
[Black "Price, Derek"]
[Result "1/2-1/2"]
[WhiteElo "1942"]
[BlackElo "1841"]
[PlyCount "62"]
[EventDate "2004.??.??"]
[EventType "tourn (corr)"]
[EventRounds "4"]
[SourceTitle "Corr 2008"]
[Source "ChessBase"]
[SourceDate "2008.06.24"]
[SourceVersion "1"]
[SourceVersionDate "2008.06.24"]
[SourceQuality "1"]

1. e4 c5 2. Nf3 d6 3. d4 cxd4 4. Qxd4 Nc6 5. Bb5 Bd7 6. Bxc6 Bxc6 7. Nc3 Nf6 8. Bg5 e6 9. 0-0-0 Be7 10. Qd3 Qa5 11. h4 h6 12. Bd2 d5 13. exd5 Bxd5 14. Nxd5 Qxd5 15. Be3 0-0 16. Kb1 Rfd8 17. Bd4 Qa5 18. Qb3 b5 19. Ne5 Rac8 20. g4 Nd7 21. g5 Nxe5 22. Bxe5 Rxd1+ 23. Rxd1 hxg5 24. hxg5 Bxg5 25. Qf3 Rd8 26. Rh1 Qd2 27. a3 Bh6 28. Rg1 Qd5 29. Qc3 Kh7 30. Qg3 a6 31. Qh2 Rg8 1/2-1/2

[Event "IECC CL3-2004.05 email"]
[Site "IECC email"]
[Date "2004.02.04"]
[Round "?"]
[White "Dunn, Carl"]
[Black "Newton, Hobart E"]
[Result "1/2-1/2"]
[WhiteElo "1952"]
[BlackElo "1827"]
[PlyCount "82"]
[EventDate "2004.??.??"]
[EventType "tourn (corr)"]
[EventRounds "4"]
[SourceTitle "Corr 2008"]
[Source "ChessBase"]
[SourceDate "2008.06.24"]
[SourceVersion "1"]
[SourceVersionDate "2008.06.24"]
[SourceQuality "1"]

1. f4 d5 2. b3 Bf5 3. Bb2 e6 4. Nf3 Nf6 5. e3 Bb4 6. Be2 h6 7. 0-0 Nbd7 8. c4 dxc4 9. bxc4 0-0 10. Na3 c6 11. Nc2 Bc5 12. d3 Bh7 13. Rb1 Qa5 14. a3 Rad8 15. Nfd4 Bb6 16. Nb3 Qa4 17. Ba1 Rfe8 18. h3 Bg6 19. Qd2 e5 20. f5 Bh7 21. Qe1 Nc5 22. Nxc5 Bxc5 23. Qc3 b6 24. Rf3 Qa6 25. Kh1 Qb7 26. Bf1 Qc7 27. Qe1 e4 28. Bxf6 exf3 29. Bxd8 fxg2+ 30. Bxg2 Rxd8 31. Be4 Bf8 32. Nb4 Rd6 33. Qg3 Qd7 34. Qf3 c5 35. Nd5 Qe8 36. Rg1 Kh8 37. Qh5 Qd7 38. Nf4 Qe7 39. Rg2 Rd8 40. Rg3 Bg8 41. Qg4 Qe5 1/2-1/2

[Event "IECC TH-M-2286"]
[Site "IECC email"]
[Date "2003.10.24"]
[Round "?"]
[White "Dunn, Carl"]
[Black "Chadwick, Charles"]
[Result "1-0"]
[WhiteElo "1914"]
[BlackElo "1850"]
[PlyCount "49"]
[EventDate "2003.??.??"]
[EventType "tourn (corr)"]
[SourceTitle "Corr 2020"]
[Source "ChessBase"]
[SourceDate "2019.09.30"]
[SourceVersion "1"]
[SourceVersionDate "2019.09.30"]
[SourceQuality "1"]
[WhiteTeam "United States"]
[BlackTeam "Australia"]
[WhiteTeamCountry "USA"]
[BlackTeamCountry "AUS"]

1. d4 d5 2. e3 e6 3. Bd3 c5 4. c3 Nc6 5. f4 Nf6 6. Nf3 Bd6 7. 0-0 0-0 8. Ne5 Ne4 9. b3 f6 10. Nxc6 bxc6 11. Bxe4 dxe4 12. Ba3 Qe7 13. Nd2 Ba6 14. Nxe4 Bxf1 15. Qxf1 Rfd8 16. Bxc5 Bxc5 17. Nxc5 e5 18. fxe5 fxe5 19. Qc4+ Kh8 20. e4 Rf8 21. dxe5 Qh4 22. Ne6 Qf2+ 23. Kh1 Rf7 24. Ng5 Rff8 25. e6 1-0

[Event "IECC CL2-2003.23 email"]
[Site "IECC email"]
[Date "2003.08.15"]
[Round "?"]
[White "Christensen, Jens Johan"]
[Black "Dunn, Carl"]
[Result "0-1"]
[WhiteElo "2022"]
[BlackElo "1923"]
[PlyCount "76"]
[EventDate "2003.??.??"]
[EventType "tourn (corr)"]
[EventRounds "4"]
[SourceTitle "Corr 2008"]
[Source "ChessBase"]
[SourceDate "2008.06.24"]
[SourceVersion "1"]
[SourceVersionDate "2008.06.24"]
[SourceQuality "1"]

1. e4 e5 2. Nf3 Nf6 3. Nxe5 d6 4. Nf3 Nxe4 5. d4 d5 6. Bd3 Bd6 7. 0-0 0-0 8. c4 c6 9. Re1 Bf5 10. Qb3 Na6 11. cxd5 Nec5 12. dxc5 Nxc5 13. Bxf5 Nxb3 14. axb3 cxd5 15. Nc3 Qb6 16. Bc2 d4 17. Ne4 Bb4 18. Bd2 Bxd2 19. Nexd2 Rfe8 20. Bd3 a6 21. Bc4 Rxe1+ 22. Rxe1 Qb4 23. Re4 Rd8 24. h3 Kf8 25. Rf4 f6 26. Re4 Qa5 27. Nf1 Qc5 28. Rh4 h6 29. Re4 b5 30. Bd3 Kf7 31. Kh2 f5 32. Re2 Rd5 33. h4 g6 34. Ng3 Qc7 35. h5 g5 36. Rc2 Qd7 37. Kg1 g4 38. Nh4 f4 0-1

[Event "IECC CL1-2003.04 email"]
[Site "IECC email"]
[Date "2003.03.17"]
[Round "?"]
[White "Dunn, Carl"]
[Black "Adams, Mark"]
[Result "0-1"]
[WhiteElo "1955"]
[BlackElo "2181"]
[PlyCount "110"]
[EventDate "2003.??.??"]
[EventType "tourn (corr)"]
[EventRounds "4"]
[SourceTitle "Corr 2008"]
[Source "ChessBase"]
[SourceDate "2008.06.24"]
[SourceVersion "1"]
[SourceVersionDate "2008.06.24"]
[SourceQuality "1"]

1. e4 c5 2. a4 d6 3. Nc3 a6 4. Bc4 e6 5. Nf3 Nf6 6. 0-0 Be7 7. d4 cxd4 8. Nxd4 Nc6 9. Be3 0-0 10. Kh1 Qc7 11. Bb3 Bd7 12. f4 Na5 13. Ba2 Rac8 14. f5 Nc4 15. Qc1 Kh8 16. Bg5 Qb6 17. Bxc4 Rxc4 18. Nf3 Qc7 19. Qe3 exf5 20. exf5 Re8 21. Qd3 Qc5 22. Nd2 Rg4 23. Be3 Qc6 24. Rf3 d5 25. Bd4 Bc5 26. Bxf6 gxf6 27. Nb3 Re5 28. h3 Rg5 29. Nxc5 Qxc5 30. Raf1 Bc6 31. Rf4 d4 32. Ne4 Qd5 33. Re1 Rgxf5 34. Rxf5 Rxf5 35. Re2 Rf1+ 36. Kh2 Qf5 37. Qc4 Bxe4 38. Rxe4 Qxe4 39. Qxf1 f5 40. Qc1 Qe5+ 41. Kh1 f4 42. Qd1 b5 43. Qd3 Kg7 44. axb5 axb5 45. Qd1 Kf6 46. Qg4 h5 47. Qf3 Kg5 48. c3 dxc3 49. bxc3 f6 50. Kg1 Qe3+ 51. Kh2 Qxf3 52. gxf3 Kf5 53. Kg2 Ke5 54. Kf2 Kd5 55. Ke2 Kc4 0-1

[Event "IECC CL2-2003.10 email"]
[Site "IECC email"]
[Date "2003.03.06"]
[Round "?"]
[White "Allen, Richard G"]
[Black "Dunn, Carl"]
[Result "1-0"]
[WhiteElo "1960"]
[BlackElo "1989"]
[PlyCount "65"]
[EventDate "2003.??.??"]
[EventType "tourn (corr)"]
[EventRounds "4"]
[SourceTitle "Corr 2008"]
[Source "ChessBase"]
[SourceDate "2008.06.24"]
[SourceVersion "1"]
[SourceVersionDate "2008.06.24"]
[SourceQuality "1"]

1. d4 d6 2. Nf3 Nd7 3. e4 Ngf6 4. Nbd2 g6 5. e5 dxe5 6. dxe5 Nd5 7. Ne4 c6 8. e6 fxe6 9. c4 N5f6 10. Neg5 Qb6 11. Bd3 Nc5 12. 0-0 Nxd3 13. Qxd3 e5 14. Nxe5 Bf5 15. Qe2 Bg7 16. Rd1 0-0 17. g4 Bc8 18. Be3 Qc7 19. Bd4 Bh6 20. f4 Ne8 21. Qe3 Ng7 22. Rf1 b6 23. Qh3 Nh5 24. c5 Bxg5 25. fxg5 Be6 26. Qe3 Ng7 27. b4 Rxf1+ 28. Rxf1 bxc5 29. Bxc5 Bxa2 30. Qf4 Qb7 31. Bd4 Qb8 32. Qf2 Be6 33. Nf7 1-0

[Event "IECC CL2-2003.10 email"]
[Site "IECC email"]
[Date "2003.03.06"]
[Round "?"]
[White "Dunn, Carl"]
[Black "Femmel, Don"]
[Result "0-1"]
[WhiteElo "1972"]
[BlackElo "2162"]
[PlyCount "34"]
[EventDate "2003.??.??"]
[EventType "tourn (corr)"]
[EventRounds "4"]
[SourceTitle "Corr 2008"]
[Source "ChessBase"]
[SourceDate "2008.06.24"]
[SourceVersion "1"]
[SourceVersionDate "2008.06.24"]
[SourceQuality "1"]

1. e4 c5 2. a4 Nc6 3. Nc3 Nf6 4. f4 d5 5. e5 Ne4 6. Nxe4 dxe4 7. Bb5 Bd7 8. Ne2 a6 9. Bc4 e6 10. 0-0 Nb4 11. Nc3 Bc6 12. Kh1 Qd4 13. Be2 g5 14. Nb1 gxf4 15. Rxf4 Qxe5 16. Rg4 Bd6 17. Rh4 Rg8 0-1

[Event "IECC CL2-2003.08 email"]
[Site "IECC email"]
[Date "2003.02.20"]
[Round "?"]
[White "Cehajic, Mustafa"]
[Black "Dunn, Carl"]
[Result "1/2-1/2"]
[WhiteElo "2114"]
[BlackElo "1990"]
[PlyCount "53"]
[EventDate "2003.??.??"]
[EventType "tourn (corr)"]
[EventRounds "4"]
[SourceTitle "Corr 2008"]
[Source "ChessBase"]
[SourceDate "2008.06.24"]
[SourceVersion "1"]
[SourceVersionDate "2008.06.24"]
[SourceQuality "1"]

1. e4 e5 2. Nf3 Nf6 3. Nxe5 d6 4. Nf3 Nxe4 5. Qe2 Qe7 6. d3 Nf6 7. Bg5 Be6 8. Nc3 Nbd7 9. Nb5 Nb6 10. Nfd4 h6 11. Bh4 g5 12. Bg3 a6 13. Nxe6 fxe6 14. Nc3 0-0-0 15. 0-0-0 Qf7 16. h4 Bg7 17. hxg5 hxg5 18. Rxh8 Rxh8 19. Ne4 Nxe4 20. dxe4 Qf6 21. c3 Nd7 22. Qc4 e5 23. Be2 Qe7 24. Bg4 Kb8 25. Qb4 Nf6 26. Be2 Ka8 27. Kb1 1/2-1/2

[Event "IECC CL3-2003.01 email"]
[Site "IECC email"]
[Date "2003.01.08"]
[Round "?"]
[White "Dunn, Carl"]
[Black "Hort, Wolfgang"]
[Result "1-0"]
[WhiteElo "1975"]
[BlackElo "1767"]
[PlyCount "67"]
[EventDate "2003.??.??"]
[EventType "tourn (corr)"]
[EventRounds "4"]
[SourceTitle "Corr 2008"]
[Source "ChessBase"]
[SourceDate "2008.06.24"]
[SourceVersion "1"]
[SourceVersionDate "2008.06.24"]
[SourceQuality "1"]

1. e4 c6 2. Nc3 d5 3. Nf3 Bg4 4. h3 Bxf3 5. Qxf3 e6 6. d3 Nf6 7. Bd2 Qb6 8. 0-0-0 d4 9. Ne2 Nbd7 10. g4 h6 11. h4 0-0-0 12. Bh3 Qc5 13. Kb1 Ne5 14. Qg3 Ned7 15. f4 g6 16. Qf2 h5 17. gxh5 Qxh5 18. Nxd4 Bc5 19. Bc3 Nb6 20. b3 Nbd5 21. Bb2 Nc7 22. a4 Na6 23. Rdg1 Qh6 24. Rg5 Qf8 25. Nxe6 fxe6 26. Bxe6+ Kb8 27. Qh2 Nc7 28. Rxc5 Qxc5 29. Bxf6 Nxe6 30. f5+ Nc7 31. fxg6 Qh5 32. g7 Rhg8 33. Bxd8 Rxd8 34. Rf1 1-0

[Event "IECC CL3-2003.01 email"]
[Site "IECC email"]
[Date "2003.01.08"]
[Round "?"]
[White "Newton, Hobart E"]
[Black "Dunn, Carl"]
[Result "1/2-1/2"]
[WhiteElo "1980"]
[BlackElo "1982"]
[PlyCount "47"]
[EventDate "2003.??.??"]
[EventType "tourn (corr)"]
[EventRounds "4"]
[SourceTitle "Corr 2008"]
[Source "ChessBase"]
[SourceDate "2008.06.24"]
[SourceVersion "1"]
[SourceVersionDate "2008.06.24"]
[SourceQuality "1"]

1. e4 c6 2. d4 d5 3. Nc3 dxe4 4. Nxe4 Bf5 5. Ng3 Bg6 6. h4 h6 7. Nf3 Nd7 8. Bd3 Bxd3 9. Qxd3 e6 10. 0-0 Ngf6 11. Bf4 Be7 12. c4 0-0 13. Rad1 Qb6 14. Rfe1 Rad8 15. Qe2 Rfe8 16. a3 a6 17. Rd3 Qa7 18. Bc7 Rc8 19. Ba5 b6 20. Bb4 c5 21. dxc5 Nxc5 22. Rdd1 Qc7 23. Ne5 Bd6 24. Bc3 1/2-1/2

[Event "IECC KO email"]
[Site "IECC email"]
[Date "2003.01.06"]
[Round "?"]
[White "Mathes, Christian"]
[Black "Dunn, Carl"]
[Result "0-1"]
[WhiteElo "1143"]
[BlackElo "1952"]
[PlyCount "30"]
[EventDate "2003.??.??"]
[EventType "tourn (corr)"]
[EventRounds "6"]
[SourceTitle "Corr 2008"]
[Source "ChessBase"]
[SourceDate "2008.06.24"]
[SourceVersion "1"]
[SourceVersionDate "2008.06.24"]
[SourceQuality "1"]

1. d4 d5 2. c4 dxc4 3. Nf3 Nf6 4. e3 g6 5. Bxc4 Bg7 6. 0-0 0-0 7. Nc3 c5 8. d5 Bg4 9. Be2 e6 10. e4 Nbd7 11. h3 Bxf3 12. Bxf3 exd5 13. exd5 Qb6 14. Re1 Rfe8 15. Qc2 Rxe1+ 0-1

[Event "IECC P email"]
[Site "IECC email"]
[Date "2002.08.18"]
[Round "?"]
[White "Dunn, Carl"]
[Black "Torwong, Peerapol"]
[Result "1/2-1/2"]
[WhiteElo "1918"]
[BlackElo "1700"]
[PlyCount "57"]
[EventDate "2002.??.??"]
[EventType "tourn (corr)"]
[EventRounds "6"]
[SourceTitle "Corr 2008"]
[Source "ChessBase"]
[SourceDate "2008.06.24"]
[SourceVersion "1"]
[SourceVersionDate "2008.06.24"]
[SourceQuality "1"]

1. e4 e5 2. Bc4 Nf6 3. d4 exd4 4. Nf3 Nc6 5. e5 Ne4 6. 0-0 d5 7. exd6 Nxd6 8. Bd5 Nf5 9. Bxc6+ bxc6 10. Re1+ Be7 11. c3 0-0 12. cxd4 Bf6 13. Nbd2 Nxd4 14. Ne4 Nxf3+ 15. Qxf3 Be7 16. Bf4 Be6 17. Rad1 Bd5 18. Qg3 Bh4 19. Qa3 Re8 20. Nc3 Rxe1+ 21. Rxe1 Be6 22. Qa4 Rb8 23. b3 Qf6 24. Ne2 Bd5 25. Qxa7 Re8 26. Be3 h6 27. h3 Bg5 28. Ng3 Bf4 29. Ne2 1/2-1/2

[Event "IECC CL3-2002.25"]
[Site "IECC email"]
[Date "2002.07.23"]
[Round "?"]
[White "Bertel, Michael"]
[Black "Dunn, Carl"]
[Result "1/2-1/2"]
[WhiteElo "1875"]
[BlackElo "1906"]
[PlyCount "54"]
[EventDate "2002.??.??"]
[EventType "tourn (corr)"]
[EventRounds "4"]
[SourceTitle "Corr 2008"]
[Source "ChessBase"]
[SourceDate "2008.06.24"]
[SourceVersion "1"]
[SourceVersionDate "2008.06.24"]
[SourceQuality "1"]

1. e4 e5 2. Nf3 Nf6 3. Nc3 Bb4 4. Nxe5 0-0 5. Nd3 Bxc3 6. dxc3 Nxe4 7. Be2 d5 8. 0-0 c6 9. Bf4 Re8 10. Re1 Bf5 11. Bg4 Bxg4 12. Qxg4 Nd7 13. f3 Nef6 14. Rxe8+ Qxe8 15. Qh4 Qe2 16. Qf2 Re8 17. Re1 Qxf2+ 18. Kxf2 Rxe1 19. Kxe1 h6 20. Ke2 Kf8 21. Bd6+ Ke8 22. Nc5 Nxc5 23. Bxc5 b6 24. Bd4 Ke7 25. Bxf6+ Kxf6 26. Kd3 Ke5 27. g3 b5 1/2-1/2

[Event "IECC KO email"]
[Site "IECC email"]
[Date "2002.06.16"]
[Round "?"]
[White "Dunn, Carl"]
[Black "Badenhorst, Jack D"]
[Result "1-0"]
[WhiteElo "1903"]
[BlackElo "970"]
[PlyCount "43"]
[EventDate "2002.??.??"]
[EventType "tourn (corr)"]
[EventRounds "6"]
[SourceTitle "Corr 2008"]
[Source "ChessBase"]
[SourceDate "2008.06.24"]
[SourceVersion "1"]
[SourceVersionDate "2008.06.24"]
[SourceQuality "1"]

1. e4 e6 2. d4 d5 3. Nc3 c5 4. exd5 exd5 5. Bb5+ Bd7 6. Qe2+ Be7 7. Nxd5 Nc6 8. Nf3 Qa5+ 9. Bd2 Qd8 10. dxc5 a6 11. Bxc6 Bxc6 12. Nb6 Ra7 13. 0-0-0 Nf6 14. Bf4 Bd7 15. Rhe1 0-0 16. Nxd7 Nxd7 17. Qxe7 Qxe7 18. Rxe7 Nf6 19. c6 Rb8 20. Bxb8 Ra8 21. Rd8+ Ne8 22. Rexe8# 1-0